<?xml version="1.0" encoding="UTF-8"?>
<record
    xmlns:xsi="http://www.w3.org/2001/XMLSchema-instance"
    xsi:schemaLocation="http://www.loc.gov/MARC21/slim http://www.loc.gov/standards/marcxml/schema/MARC21slim.xsd"
    xmlns="http://www.loc.gov/MARC21/slim">

  <leader>03275nam a2200313Ia 4500</leader>
  <controlfield tag="001">1092</controlfield>
  <controlfield tag="008">230305s2001    xx            000 0 und d</controlfield>
  <datafield tag="020" ind1=" " ind2=" ">
    <subfield code="a">9781883249892</subfield>
  </datafield>
  <datafield tag="040" ind1=" " ind2=" ">
    <subfield code="c">TBS</subfield>
  </datafield>
  <datafield tag="041" ind1=" " ind2=" ">
    <subfield code="a">eng</subfield>
  </datafield>
  <datafield tag="245" ind1=" " ind2="0">
    <subfield code="a">Valuation of interest rate swaps and swaptions</subfield>
  </datafield>
  <datafield tag="260" ind1=" " ind2=" ">
    <subfield code="b">Frank J. Fabozzi Associates,</subfield>
    <subfield code="c">2001</subfield>
  </datafield>
  <datafield tag="300" ind1=" " ind2=" ">
    <subfield code="a">242 p. ; 24 cm</subfield>
  </datafield>
  <datafield tag="505" ind1=" " ind2=" ">
    <subfield code="a">About the Authors.</subfield>
    <subfield code="r">Introduction.--</subfield>
    <subfield code="r">Calculating Swap Payments.--</subfield>
    <subfield code="r">Computing the Present Value of Swap Payments and Determining the Swap Fixed Rate.--</subfield>
    <subfield code="r">Traditional Approach to the Valuation of a Plain Vanilla Swap.--</subfield>
    <subfield code="r">Lattice Approach to Valuation.--</subfield>
    <subfield code="r">Swap Valuation Using the Lattice Approach.--</subfield>
    <subfield code="r">Valuation of Forward Start Swaps.--</subfield>
    <subfield code="r">Valuing a Swaption.--</subfield>
    <subfield code="r">Factos that Affect the Value of a Swaption.--</subfield>
    <subfield code="r">Valuing Non-LIBOR Based Swaps and Basis Swaps.--</subfield>
    <subfield code="r">Controlling Interest Rate Risk with Swaps.--</subfield>
    <subfield code="r">Appendix A: Theoretical Spot and Forward Rates.--</subfield>
    <subfield code="r">Appendix B: Binomial Interest Rate Model.--</subfield>
    <subfield code="r">Appendix C: Valuation of Swaps Using the Trinomial Approach.--</subfield>
    <subfield code="r">Index.--</subfield>
  </datafield>
  <datafield tag="520" ind1=" " ind2=" ">
    <subfield code="a">Among the major innovations in the financial markets have been interest rate swaps and swaptions, instruments which entail having the arrangement to barter differently structured payment flows for a particular period of time. These instruments have furnished portfolio and risk managers and corporate treasurers with a better tool for controlling interest rate risk. Valuation of Interest Rate Swaps and Swaptions explains how interest rate swaps are valued and the factors that affect their value-an ideal way to manage interest or income payments. Various valuations approaches and models are covered, with special end-of-chapter questions and solutions included. ;  ; 'Frank Fabozzi's series is the gold standard for investment reference books. Always topical and often influential this is the first place I send students or practitioners when they want to get up to speed on a new area.' (Stephen A. Ross, Franco ModiglianiProfessor of Finance and Economics, Sloan School, MIT) ;  ; 'The Fabozzi series provides the ultimate educational encyclopedia for the global debt capital markets. Each day, billions of dollars of debt securities trade around the world according to the principles clearly and comprehensively explained in this unrivaled series dedicated to the advancement of our knowledge-based profession.' (Jack Malvey, Managing Director, ChiefGlobal Fixed-Income Strategist, Lehman Brothers) ;  ; 'When in doubt, you can always look it up in a book by FrankFabozzi. Fabozzi, who are not called the Prolific Professor for nothing, has written or edited dozens of textbooks on investing--all rock-solid, for advanced investors only.' (Jason Zweig, Money.com)</subfield>
  </datafield>
  <datafield tag="590" ind1=" " ind2=" ">
    <subfield code="b">Includes index</subfield>
  </datafield>
  <datafield tag="650" ind1=" " ind2=" ">
    <subfield code="a">Mercantile speculation</subfield>
    <subfield code="9">6246</subfield>
  </datafield>
  <datafield tag="650" ind1=" " ind2=" ">
    <subfield code="a"> Options (Finance)</subfield>
    <subfield code="9">6247</subfield>
  </datafield>
  <datafield tag="650" ind1=" " ind2=" ">
    <subfield code="a"> Interest rate futures</subfield>
    <subfield code="9">6248</subfield>
  </datafield>
  <datafield tag="650" ind1=" " ind2=" ">
    <subfield code="a"> Swaps (Finance)</subfield>
    <subfield code="9">6249</subfield>
  </datafield>
  <datafield tag="650" ind1=" " ind2="0">
    <subfield code="a">Finance</subfield>
    <subfield code="9">3911</subfield>
  </datafield>
  <datafield tag="700" ind1=" " ind2=" ">
    <subfield code="a">Buetow, Gerald W.</subfield>
    <subfield code="e">Author</subfield>
  </datafield>
  <datafield tag="700" ind1=" " ind2=" ">
    <subfield code="a">Fabozzi, Frank J.</subfield>
    <subfield code="e">Author</subfield>
  </datafield>
  <datafield tag="856" ind1=" " ind2=" ">
    <subfield code="u">http://books.google.es/books?id=KZ0BbLmKnMIC&amp;printsec=frontcover&amp;dq=valuation+of+interest+rate+swaps&amp;hl=ca&amp;sa=X&amp;ei=Y_i0UKrqMJCEhQef74GYBg&amp;ved=0CDUQ6AEwAA</subfield>
  </datafield>
  <datafield tag="902" ind1=" " ind2=" ">
    <subfield code="a">421</subfield>
  </datafield>
  <datafield tag="905" ind1=" " ind2=" ">
    <subfield code="a">m</subfield>
  </datafield>
  <datafield tag="942" ind1=" " ind2=" ">
    <subfield code="a">1</subfield>
    <subfield code="2">ddc</subfield>
  </datafield>
  <datafield tag="952" ind1=" " ind2=" ">
    <subfield code="0">0</subfield>
    <subfield code="1">0</subfield>
    <subfield code="4">0</subfield>
    <subfield code="7">0</subfield>
    <subfield code="a">TBS</subfield>
    <subfield code="b">TBS</subfield>
    <subfield code="c">26</subfield>
    <subfield code="d">2018-11-26</subfield>
    <subfield code="l">0</subfield>
    <subfield code="o">HG6024.5 BUE</subfield>
    <subfield code="p">B01708</subfield>
    <subfield code="r">2020-02-04</subfield>
    <subfield code="w">2023-03-05</subfield>
    <subfield code="y">1</subfield>
  </datafield>
  <datafield tag="999" ind1=" " ind2=" ">
    <subfield code="c">1097</subfield>
    <subfield code="d">1097</subfield>
  </datafield>
</record>
